| 000 | 00700nam a2200193 i 4500 | ||
|---|---|---|---|
| 001 | 41666 | ||
| 003 | ES-MaACL | ||
| 005 | 20240312062531.0 | ||
| 007 | t| | ||
| 008 | 030311s1910 sp |||| | spa d | ||
| 100 | 1 |
_aCasanova, Sofía, _d1862-1958 _936108 |
|
| 245 | 1 | 3 |
_aLa mujer española en el extranjero : _bconferencia dada en el Ateneo de Madrid el 9 de abril de 1910 / _cSofía Casanova. |
| 260 |
_aMadrid : _bR. Velasco, _c1910. |
||
| 300 |
_a56 p. , [1] lám. retr. autora ; _c19 cm. |
||
| 610 | 2 | 4 |
_aAteneo de Madrid- _vConferencias- _y1900-1939 _91907 |
| 650 | 4 |
_aEspañolas. _9174876 |
|
| 852 | 4 |
_aES-MaACL _jT-1217-F-1 _z- Enc. en un vol. facticio |
|
| 999 |
_c41666 _d41666 |
||